Fernando Pessoa a obra e o homem (Registo nº 201705)

Detalhes MARC
000 -Etiqueta do registo
Valores 00533nam 22001813 4500
100 ## - Dados gerais de processamento
Dados gerais 20260409 pory50
200 ## - Titulo e menção de responsabilidade
Título próprio Fernando Pessoa a obra e o homem
Primeira menção de responsabilidade António Quadros
205 ## - Menção da edição
Edição
210 ## - Publicação
Local de publicação Lisboa
Nome do editor Arcádia
Data de publicação 1981
215 ## - Descrição física 
Paginação / Volumes I vol.(316) p.
Outras indicações físicas brochado
Dimensões 21 cm
606 ## - Nome comum usado como assunto
ID Autoridade 11269
Palavra de ordem Questões gerais em linguística e literatura. Filologia
675 ## - CDU
Notação 82.09
Edição PT
Língua por
700 ## - Autor principal (pessoa individual)
ID Autoridade 9029
Apelido Quadros
Nome António
801 ## - Fonte de origem
País PT
Agência BMMN
Regras de catalogação RPC
830 ## - Notas gerais do catalogador
Criado por Fernando
Indexado por Fernando
990 ## - Elementos KOHA
Tipo de documento Livro
Exemplares
Situação do levantamento Biblioteca de origem Código de barras Cota Permissão de empréstimo Tipo de documento Forma de aquisição
  Biblioteca Municipal de Montemor-o-Novo 31070 82.09 QUA|DEP   Livro Oferta

Powered by Koha